000 00499nam a2200205Ia 4500
008 170918s9999 xx 000 0 und d
020 _a439082390
050 _bP233 1999
100 _aParish, Peggy
245 _aAmelia Bedelia's family album /
245 _cPeggy Parish ; Lynn Sweat.
260 _aNew York :
260 _bScholastic,
260 _c1999
300 _a48 pages :
300 _bcolored illustration ;
300 _c22cm.
440 _aAmelia Bedelia.
500 _a170
999 _c340952
_d340952